| 000 | 00497nam a22001697a 4500 | ||
|---|---|---|---|
| 003 | BD-DhUL | ||
| 005 | 20180730155931.0 | ||
| 008 | 180730s1979 xx ||||| |||| 00| 0 urd d | ||
| 040 |
_aBD-DhUL _cBD-DhUL |
||
| 082 |
_a891.433 _bABQ |
||
| 100 | 0 | _aعبد الحلیم شرر | |
| 245 | 1 |
_aقیس ولبنے / _cعبد الحلیم شرر _b |
|
| 260 |
_a: _bمطبوعہ سلطانی پریس، _c۔۱۹۴۹ |
||
| 300 |
_aص۔ ۲۵۶ ؛ _c۲۰ سم۔ |
||
| 650 | 4 | _aUrdu fiction | |
| 942 |
_2ddc _cBK |
||
| 999 |
_c242853 _d242853 |
||